000 00324nam a22001457a 4500
003 SGT
082 _a617.41
_bM14D
100 _aDUNGHAV, MANISHA
245 _aM.C.Q.S ON ASTANGAHRIDAYA
260 _aVARANASI
_bCHAUKHAMBHA PUB
_c2014
300 _a102
650 _aASTANGAHRIDAYA
653 _aAYURVEDA
942 _2ddc
_cBK
_03
999 _c8370
_d8370